[Event "EU Union-ch U10"]
[Site "Kouty nad Desnou"]
[Date "2019.08.20"]
[Round "5"]
[White "Tiitta, Luukas"]
[Black "Litcanu, Daria Tiana"]
[Result "0-1"]
[WhiteElo "1083"]
[BlackElo "1117"]
[PlyCount "115"]
[EventDate "2019.08.16"]
[EventType "swiss"]
[EventRounds "9"]
[EventCountry "CZE"]
[SourceTitle "EXT 2020"]
[Source "ChessBase"]
[SourceDate "2019.10.17"]
[SourceVersion "1"]
[SourceVersionDate "2019.10.17"]
[SourceQuality "1"]

1. d4 Nf6 2. Bf4 e6 3. Nf3 c5 4. c3 b6 5. g3 Bb7 6. Bg2 Be7 7. 0-0 0-0 8. Nbd2 Nc6 9. e3 Nd5 10. Be5 d6 11. Bf4 cxd4 12. cxd4 Nxf4 13. gxf4 Nb4 14. a3 Nd3 15. Qc2 Ba6 16. b4 Rc8 17. Qb3 Nxf4 18. exf4 Bxf1 19. Rxf1 Rc7 20. Qb1 d5 21. Ne5 a5 22. Rc1 Rxc1+ 23. Qxc1 axb4 24. axb4 Bxb4 25. Nc6 Qc7 26. Nf3 Rc8 27. Nfe5 f6 28. Ne7+ Bxe7 29. Qxc7 Rxc7 30. Nf3 b5 31. Bf1 b4 32. Nd2 Rb7 33. Ba6 Rb6 34. Bc8 b3 35. Nxb3 Rxb3 36. Bxe6+ Kf8 37. Bxd5 Rd3 38. Be4 Rxd4 39. Bxh7 Rxf4 40. Bd3 Bc5 41. Kg2 Rxf2+ 42. Kg3 Ra2 43. Bc4 Bd6+ 44. Kg4 Rxh2 45. Kf5 Rh5+ 46. Ke6 Bf4 47. Bd3 Re5+ 48. Kd6 Re3+ 49. Kd7 Rxd3+ 50. Kc6 g5 51. Kc5 g4 52. Kc4 Rd8 53. Kc5 g3 54. Kc6 g2 55. Kb7 g1Q 56. Ka6 Qb1 57. Ka7 Be3+ 58. Ka6 0-1

[Event "EU Union-ch U10"]
[Site "Kouty nad Desnou"]
[Date "2019.08.18"]
[Round "3"]
[White "Bako, Evelin"]
[Black "Litcanu, Daria Tiana"]
[Result "1-0"]
[WhiteElo "1152"]
[BlackElo "1117"]
[PlyCount "91"]
[EventDate "2019.08.16"]
[EventType "swiss"]
[EventRounds "9"]
[EventCountry "CZE"]
[SourceTitle "EXT 2020"]
[Source "ChessBase"]
[SourceDate "2019.10.17"]
[SourceVersion "1"]
[SourceVersionDate "2019.10.17"]
[SourceQuality "1"]

1. e4 c5 2. Nf3 d6 3. d4 cxd4 4. Nxd4 Nf6 5. Nc3 a6 6. f3 e5 7. Nf5 Bxf5 8. exf5 Nh5 9. Qe2 Be7 10. g3 Nc6 11. f4 Nf6 12. Be3 0-0 13. 0-0-0 a5 14. g4 a4 15. a3 Rc8 16. Nxa4 Qc7 17. g5 Nd7 18. f6 Bd8 19. fxg7 b5 20. gxf8Q+ Kxf8 21. Qxb5 Nd4 22. Qd3 e4 23. Qc3 Nc6 24. Bb5 Qb7 25. Bxc6 Rxc6 26. Qb4 Qc7 27. Qxe4 Rc4 28. Qxh7 Rxa4 29. Rhe1 Qc8 30. Qh8+ Ke7 31. Bb6+ Ne5 32. Bxd8+ Qxd8 33. Qxd8+ Kxd8 34. fxe5 Ra7 35. Rxd6+ Ke8 36. h4 Ke7 37. h5 Kf8 38. e6 fxe6 39. Rexe6 Rf7 40. Rd8+ Kg7 41. h6+ Kh7 42. g6+ Kxh6 43. gxf7+ Kh7 44. Kd2 Kg7 45. f8Q+ Kh7 46. Rd7# 1-0

[Event "ROM-ch U10 Girls"]
[Site "Calimanesti Caciulata"]
[Date "2019.04.17"]
[Round "3.5"]
[White "Litcanu, Daria Tiana"]
[Black "Iordache, Alexia Andreea"]
[Result "0-1"]
[WhiteElo "1161"]
[BlackElo "1072"]
[PlyCount "132"]
[EventDate "2019.04.15"]
[EventType "swiss"]
[EventRounds "9"]
[EventCountry "ROU"]
[SourceTitle "EXT 2024"]
[Source "ChessBase"]
[SourceDate "2023.10.10"]
[SourceVersion "1"]
[SourceVersionDate "2023.10.10"]
[SourceQuality "1"]

1. e4 c5 2. Nf3 d6 3. d4 cxd4 4. Nxd4 Nf6 5. Nc3 a6 6. Be2 e5 7. Nb3 Be7 8. 0-0 b5 9. Kh1 b4 10. Nd5 Nxd5 11. Qxd5 Ra7 12. f4 Bb7 13. Qc4 a5 14. fxe5 0-0 15. exd6 Bxd6 16. Be3 Ra8 17. Bh5 g6 18. Bh6 Qh4 19. g3 Qxe4+ 20. Qxe4 Bxe4+ 21. Kg1 Rc8 22. Nd2 Bc5+ 23. Rf2 Bxf2+ 24. Kxf2 gxh5 25. Nxe4 Rxc2+ 26. Ke1 Nd7 27. Rd1 Ne5 28. Rd5 Nf3+ 29. Kd1 Rxb2 30. Rf5 Rb1+ 31. Kc2 Nd4+ 32. Kxb1 Nxf5 33. Nf6+ Kh8 34. Nxh5 Nxh6 35. h3 Rc8 36. g4 a4 37. g5 Rc5 38. h4 Nf5 39. Nf6 Nxh4 40. a3 bxa3 41. Ka2 Kg7 42. Nh5+ Kg6 43. Nf4+ Kxg5 44. Nh3+ Kf5 45. Kxa3 Rc3+ 46. Kxa4 Rxh3 47. Kb4 Ke4 48. Kc5 Rd3 49. Kc6 Ke5 50. Kc7 Ke6 51. Kc8 Ke7 52. Kb7 Rc3 53. Kb6 Kd6 54. Kb5 Rc8 55. Kb4 Kd5 56. Kb3 Kd4 57. Kb2 Kd3 58. Kb1 Kd2 59. Kb2 Rb8+ 60. Ka3 Kc3 61. Ka4 Rb1 62. Ka5 Kc4 63. Ka6 Kc5 64. Ka7 Kc6 65. Ka8 Kc7 66. Ka7 Ra1# 0-1